000 00679nam a2200193 a 4500
001 000027658
005 20200930031009.0
008 110404s1968 es 000 0 spa d
100 1 _aBerceo, Gonzalo de
_d1198?-1264?]
_954744
245 1 0 _aVida de Santo Domingo de Silos /
_cGonzalo de Berceo ; edición, introducción y notas de Germán Orduna.
260 _aMadrid :
_bEdiciones Anaya,
_c1968.
300 _a205 p. ;
_c18 cm.
490 1 _aBiblioteca anaya
_v86
500 _aIncluye índice
500 _aIncluye referencias bibliográficas y notas al pie de las páginas
700 1 _aOrduna, Germán
_954745
830 1 0 _aBiblioteca anaya
_n86
_954746
999 _c27150
_d27150
040 _aDO-SdBNP